Best picture nominees (1960-present) - Statistics

General Stats
  • This quiz has been taken 136 times
    11 since last reset
  • The average score is 195 of 401
Answer Stats
Hint Answer % Correct
1999 American Beauty
100%
1970 Patton
100%
1977 Star Wars
100%
1987 The Last Emperor
100%
1962 To Kill a Mockingbird
100%
1961 | 2021 West Side Story
100%
1971 A Clockwork Orange
75%
1992 A Few Good Men
75%
1984 Amadeus
75%
1977 Annie Hall
75%
1979 Apocalypse Now
75%
1995 Apollo 13
75%
1995 Braveheart
75%
1981 Chariots of Fire
75%
1990 Dances With Wolves
75%
1989 Driving Miss Daisy
75%
1982 E.T., the Extra-Terrestrial
75%
1996 Fargo
75%
1994 Forrest Gump
75%
1990 Goodfellas
75%
1997 Good Will Hunting
75%
1975 Jaws
75%
1996 Jerry Maguire
75%
1979 Kramer vs. Kramer
75%
1998 Life is Beautiful
75%
2015 Mad Max: Fury Road
75%
1989 My Left Foot
75%
1976 Network
75%
1975 One Flew Over the Cuckoo's Nest
75%
1985 Out of Africa
75%
1986 Platoon
75%
1980 Raging Bull
75%
1981 Raiders of the Lost Ark
75%
1988 Rain Man
75%
1976 Rocky
75%
1992 Scent of a Woman
75%
1993 Schindler's List
75%
1998 Shakespeare in Love
75%
1991 Silence of the Lambs
75%
1976 Taxi Driver
75%
1983 Terms of Endearment
75%
1960 The Apartment
75%
2011 The Artist
75%
1985 The Color Purple
75%
1978 The Deer Hunter
75%
1996 The English Patient
75%
1972 The Godfather
75%
1974 The Godfather, Part II
75%
1994 The Shawshank Redemption
75%
1997 Titanic
75%
2010 True Grit
75%
1992 Unforgiven
75%
2010 127 Hours
50%
2013 12 Years a Slave
50%
2019 1917
50%
2001 A Beautiful Mind
50%
2024 A Complete Unknown
50%
2022 All Quiet on the Western Front
50%
1979 All That Jazz
50%
1976 All the President's Men
50%
1966 A Man For All Seasons
50%
2023 American Fiction
50%
1973 American Graffiti
50%
2013 American Hustle
50%
2014 American Sniper
50%
2012 Amour
50%
2023 Anatomy of a Fall
50%
2009 An Education
50%
2024 Anora
50%
2012 Argo
50%
2016 Arrival
50%
2009 A Serious Man
50%
1997 As Good As It Gets
50%
1981 Atlantic City
50%
2007 Atonement
50%
2009 Avatar
50%
2022 Avatar: The Way of Water
50%
1990 Awakenings
50%
1995 Babe
50%
2006 Babel
50%
2023 Barbie
50%
1975 Barry Lyndon
50%
2012 Beasts of the Southern Wild
50%
1991 Beauty and the Beast
50%
2021 Belfast
50%
2014 Birdman
50%
2018 Blackkklansman
50%
2018 Black Panther
50%
2010 Black Swan
50%
2018 Bohemian Rhapsody
50%
1989 Born on the Fourth of July
50%
1976 Bound For Glory
50%
2014 Boyhood
50%
1979 Breaking Away
50%
2015 Bridge of Spies
50%
2005 Brokeback Mountain
50%
2015 Brooklyn
50%
1991 Bugsy
50%
1972 Cabaret
50%
2017 Call Me By Your Name
50%
2005 Capote
50%
2013 Captain Phillips
50%
2002 Chicago
50%
1986 Children of a Lesser God
50%
1974 Chinatown
50%
2000 Chocolat
50%
1980 Coal Miner's Daughter
50%
2021 Coda
50%
1978 Coming Home
50%
2024 Conclave
50%
2005 Crash
50%
2000 Crouching Tiger, Hidden Dragon
50%
2013 Dallas Buyers Club
50%
2017 Darkest Hour
50%
1989 Dead Poets Society
50%
2009 District 9
50%
2012 Django Unchained
50%
1975 Dog Day Afternoon
50%
2021 Don't Look Up
50%
2021 Drive My Car
50%
1964 Dr. Strangelove
50%
2021 Dune
50%
2017 Dunkirk
50%
1998 Elizabeth
50%
2022 Elvis
50%
2024 Emilia Pérez
50%
2000 Erin Brockovich
50%
2022 Everything Everywhere All at Once
50%
2011 Extremely Loud & Incredibly Close
50%
2016 Fences
50%
1989 Field of Dreams
50%
2004 Finding Neverland
50%
1970 Five Easy Pieces
50%
2019 Ford v. Ferrari
50%
1994 Four Weddings and a Funeral
50%
2025 Frankenstein
50%
2008 Frost/Nixon
50%
1982 Gandhi
50%
2002 Gangs of New York
50%
2017 Get Out
50%
1990 Ghost
50%
2000 Gladiator
50%
2005 Good Night, and Good Luck
50%
2001 Gosford Park
50%
2013 Gravity
50%
2018 Green Book
50%
2016 Hacksaw Ridge
50%
2025 Hamnet
50%
2016 Hell or High Water
50%
2013 Her
50%
2016 Hidden Figures
50%
1992 Howards End
50%
2011 Hugo
50%
1995 Il Postino
50%
2024 I'm Still Here
50%
2010 Inception
50%
2009 Inglourious Basterds
50%
2001 In the Bedroom
50%
1967 In the Heat of the Night
50%
1993 In the Name of the Father
50%
1991 JFK
50%
2019 JoJo Rabbit
50%
2019 Joker
50%
2020 Judas and the Black Messiah
50%
1977 Julia
50%
2007 Juno
50%
2023 Killers of the Flower Moon
50%
1985 Kiss of the Spider Woman
50%
1997 L.A. Confidential
50%
2017 Lady Bird
50%
2016 La La Land
50%
1962 Lawrence of Arabia
50%
1974 Lenny
50%
2012 Les Miserables
50%
2006 Letters From Iwo Jima
50%
2021 Licorice Pizza
50%
2012 Life of Pi
50%
2012 Lincoln
50%
2016 Lion
50%
2006 Little Miss Sunshine
50%
2019 Little Women
50%
2003 Lost in Translation
50%
2016 Manchester By the Sea
50%
2020 Mank
50%
2019 Marriage Story
50%
2025 Marty Supreme
50%
1964 Mary Poppins
50%
1970 M*A*S*H
50%
2003 Master and Commander
50%
2007 Michael Clayton
50%
1978 Midnight Express
50%
2011 Midnight in Paris
50%
2008 Milk
50%
2004 Million Dollar Baby
50%
2020 Minari
50%
1982 Missing
50%
2011 Moneyball
50%
2016 Moonlight
50%
1987 Moonstruck
50%
2001 Moulin Rouge!
50%
2005 Munich
50%
1964 My Fair Lady
50%
2003 Mystic River
50%
1975 Nashville
50%
2013 Nebraska
50%
2007 No Country For Old Men
50%
2020 Nomadland
50%
1979 Norma Rae
50%
1968 Oliver!
50%
2019 Once Upon a Time in Hollywood
50%
2025 One Battle After Another
50%
1981 On Golden Pond
50%
2023 Oppenheimer
50%
1980 Ordinary People
50%
2019 Parasite
50%
2023 Past Lives
50%
2017 Phantom Thread
50%
2013 Philomena
50%
1984 Places in the Heart
50%
2023 Poor Things
50%
2009 Precious
50%
1985 Prizzi's Honor
50%
2020 Promising Young Woman
50%
1994 Pulp Fiction
50%
1994 Quiz Show
50%
2004 Ray
50%
1981 Reds
50%
2018 Roma
50%
2015 Room
50%
1998 Saving Private Ryan
50%
2003 Seabiscuit
50%
1996 Secrets & Lies
50%
2014 Selma
50%
1995 Sense and Sensibility
50%
1996 Shine
50%
2004 Sideways
50%
2012 Silver Linings Playbook
50%
2025 Sinners
50%
2008 Slumdog Millionaire
50%
2020 Sound of Metal
50%
2015 Spotlight
50%
2022 Tar
50%
1983 Tender Mercies
50%
1980 Tess
50%
2004 The Aviator
50%
2022 The Banshees of Inisherin
50%
1983 The Big Chill
50%
2015 The Big Short
50%
2009 The Blind Side
50%
1999 The Cider House Rules
50%
1974 The Conversation
50%
1992 The Crying Game
50%
2008 The Curious Case of Benjamin Button
50%
2006 The Departed
50%
2011 The Descendants
50%
1983 The Dresser
50%
1980 The Elephant Man
50%
2022 The Fabelmans
50%
2020 The Father
50%
2018 The Favourite
50%
2010 The Fighter
50%
1971 The French Connection
50%
1993 The Fugitive
50%
1997 The Full Monty
50%
1990 The Godfather, Part III
50%
1977 The Goodbye Girl
50%
2014 The Grand Budapest Hotel
50%
1999 The Green Mile
50%
2011 The Help
50%
2023 The Holdovers
50%
2002 The Hours
50%
2009 The Hurt Locker
50%
2014 The Imitation Game
50%
1999 The Insider
50%
2019 The Irishman
50%
2010 The Kids Are All Right
50%
1984 The Killing Fields
50%
2010 The King's Speech
50%
1971 The Last Picture Show
50%
2003 The Lord of the Rings: Return of the King
50%
2001 The Lord of the Rings: The Fellowship of the Ring
50%
2002 The Lord of the Rings: The Two Towers
50%
2015 The Martian
50%
1986 The Mission
50%
2002 The Pianist
50%
1993 The Piano
50%
2017 The Post
50%
2021 The Power of the Dog
50%
1991 The Prince of Tides
50%
2006 The Queen
50%
2008 The Reader
50%
1993 The Remains of the Day
50%
2015 The Revenant
50%
2007 There Will Be Blood
50%
2025 The Secret Agent
50%
2017 The Shape of Water
50%
1999 The Sixth Sense
50%
2010 The Social Network
50%
1965 The Sound of Music
50%
1973 The Sting
50%
2014 The Theory of Everything
50%
1998 The Thin Red Line
50%
2011 The Tree of Life
50%
2020 The Trial of the Chicago 7
50%
1982 The Verdict
50%
2013 The Wolf of Wall Street
50%
2023 The Zone of Interest
50%
2017 Three Billboards Outside Ebbing, Missouri
50%
1963 Tom Jones
50%
1982 Tootsie
50%
2022 Top Gun: Maverick
50%
2010 Toy Story 3
50%
2000 Traffic
50%
2022 Triangle of Sadness
50%
2009 Up
50%
2009 Up In the Air
50%
2018 Vice
50%
2011 War Horse
50%
2014 Whiplash
50%
2010 Winter's Bone
50%
1985 Witness
50%
2022 Women Talking
50%
1969 Z
50%
2012 Zero Dark Thirty
50%
1970 Airport
25%
1966 Alfie
25%
1963 America America
25%
1969 Anne of a Thousand Days
25%
1978 An Unmarried Woman
25%
1984 A Passage to India
25%
1986 A Room With a View
25%
1984 A Soldier's Story
25%
2018 A Star Is Born
25%
1965 A Thousand Clowns
25%
1973 A Touch of Class
25%
1964 Becket
25%
1967 Bonnie and Clyde
25%
1987 Broadcast News
25%
2025 Bugonia
25%
1969 Butch Cassidy and the Sundance Kid
25%
1963 Cleopatra
25%
1973 Cries and Whispers
25%
1988 Dangerous Liaisons
25%
1965 Darling
25%
1972 Deliverance
25%
1967 Doctor Dolittle
25%
1965 Doctor Zhivago
25%
2024 Dune: Part 2
25%
1960 Elmer Gantry
25%
2025 F1
25%
1961 Fanny
25%
1987 Fatal Attraction
25%
1971 Fiddler on the Roof
25%
1968 Funny Girl
25%
1967 Guess Who's Coming to Dinner?
25%
1986 Hannah and Her Sisters
25%
1978 Heaven Can Wait
25%
1987 Hope and Glory
25%
1963 How the West Was Won
25%
1961 Judgment at Nuremberg
25%
2021 King Richard
25%
1963 Lilies of the Field
25%
1970 Love Story
25%
1969 Midnight Cowboy
25%
1988 Mississippi Burning
25%
1962 Mutiny on the Bounty
25%
1971 Nicholas and Alexandra
25%
2021 Nightmare Alley
25%
1968 Rachel, Rachel
25%
1968 Romeo and Juliet
25%
2025 Sentimental Value
25%
1965 Ship of Fools
25%
1960 Sons and Lovers
25%
1972 Sounder
25%
1988 The Accidental Tourist
25%
1960 The Alamo
25%
2024 The Brutalist
25%
1972 The Emigrants
25%
1973 The Exorcist
25%
1967 The Graduate
25%
1961 The Guns of Navarone
25%
1961 The Hustler
25%
1968 The Lion in Winter
25%
1962 The Music Man
25%
1983 The Right Stuff
25%
1966 The Russians are Coming, the Russians are Coming
25%
2024 The Substance
25%
1960 The Sundowners
25%
1974 The Towering Inferno
25%
1977 The Turning Point
25%
2025 Train Dreams
25%
1966 Who's Afraid of Virginia Woolf?
25%
2024 Wicked
25%
1988 Working Girl
25%
1964 Zorba the Greek
25%
1969 Hello, Dolly!
0%
2023 Maestro
0%
2024 Nickel Boys
0%
1962 The Longest Day
0%
1966 The Sand Pebbles
0%
No matching quizzes found
Score Distribution
Percent of People with Each Score
Percentile by Number Answered
Your Score History
You have not taken this quiz since the last reset